000 01082cam a22003377a 4500
001 6790
003 FISKH
005 20250528120243.0
008 090320s2009 nyua 000 0 eng
010 _a 2009925074
020 _a9780060835545 (trade bdg.)
020 _a9780060835538 (lib. bdg.)
040 _aDLC
_cDLC
_dDLC
_beng
050 _aPZ7.M462 G
082 _a813
100 1 _aMayer, Mercer,
_d1943-
245 1 0 _aGoing to the sea park /
_cby Mercer Mayer.
260 _aNew York :
_bHarper,
_c2009.
300 _a32 pages :
_bcolor illustrations ;
_c23 cm
490 0 _aI can read! My first, shared reading
500 _a"Mercer Mayer's Little critter"--Cover.
505 _aG
520 _a"Little Critter and his classmates are taking a trip to the Sea Park, join Little Critter as he learns about exciting and strange sea creatures.
521 8 _a330
521 8 _a330
_bLexile
521 8 _aG
_bRaz-Plus
650 _aAquarium
_vOcean
906 _a7
_bcbc
_corignew
_d4
_eepcn
_f20
_gy-gencatlg
942 _2ddc
_cBK
_n0
999 _c6790
_d6790